| 000 | 01037nam a2200229 a 4500 | ||
|---|---|---|---|
| 001 | 39387 | ||
| 003 | BD-RjUL | ||
| 005 | 20211209053000.0 | ||
| 008 | 160410s20132002ii a|||e |||| 00| 0 ben d | ||
| 020 |
_a817756269X _c: Tk 330.00 |
||
| 035 | _a(BD-RjUL)39500 | ||
| 040 |
_aBD-RjUL _bben _cBD-RjUL |
||
| 041 | _aben | ||
| 082 |
_223 _bBHT 2013 _a891.441409 |
||
| 100 |
_aভট্টাচার্য, সুভাষ _9121418 |
||
| 245 |
_aতোমাদের রবীন্দ্রনাথ / _cসুভাষ ভট্টাচার্য |
||
| 260 |
_aকলকাতা : _bআনন্দ পাবলিশার্স প্রাইভেট লিমিটেড, _c২০০২ [২য় মুদ্রণ ২০১৩] |
||
| 300 |
_a১২৫ পৃ. : _bচিত্র ; _c২১ সেমি. |
||
| 600 |
_aঠাকুর, রবীন্দ্রনাথ _xসমালোচনা ও ব্যাখ্যা _9122184 |
||
| 600 |
_aTagore, Rabindranath _xCriticism and interpretation. _9122185 |
||
| 942 |
_2ddc _cBK |
||
| 999 |
_c39387 _d39387 |
||